00317cam a22001097a 4500008004000000082001500040100002100055245004300076260005300119300001000172650002500182180718b1972 xxu||||| |||| 00| 0 eng d aB1084 G959 aGupta, Bela Dutt aSociology in Indiacby Bela Dutt Gupta aCalcuttabCentre for Sociological Researchc1972 a449p. aSociology - Research